| 000 | 00827nas a2200277 4500 | ||
|---|---|---|---|
| 001 | BR0806227 | ||
| 003 | BR-BrBNA | ||
| 005 | 20231205112451.0 | ||
| 007 | ta | ||
| 008 | 230509b bl.|||p| |||| 00| 00por d | ||
| 040 |
_aBR-BrBNA _bpor _cBiblioteca Nacional de Agricultura |
||
| 041 | _a(En) | ||
| 072 | _aQ04 | ||
| 100 | 1 | _aRibeiro, M.C. | |
| 100 | 1 | _aMoreira, R.F.A. | |
| 100 | 1 | _aMaria, C.A.B. de | |
| 245 | 1 | _aVolatile profile of the headspace fraction of "assa-peixe" (Vernonia sp.)honeys | |
| 650 | _aMEL | ||
| 650 | _aASSA-PEIXE | ||
| 650 | _aVERNONIA WESTINIANA | ||
| 650 | _aAROMA | ||
| 650 | _aCROMATOGRAFIA | ||
| 773 | 0 |
_tCiência e Tecnologia de Alimentos (Brazil) _xISSN 0101-2061 _g(Jan-Mar 2008), v. 28(1) p. 169-171 _wBR0806227 |
|
| 909 |
_a202311 _bLúcia _c55 _dLúcia Elande |
||
| 942 |
_2AGRIS _n0 _cANA |
||
| 999 |
_c198217 _d198217 |
||